| 000 | 02134cam a2200649 4500 | ||
|---|---|---|---|
| 001 | 22808 | ||
| 003 | SK-KTurca | ||
| 005 | 20260428143632.0 | ||
| 008 | 220509s2019 xr hoacern 010 1acze | ||
| 015 | _aSNBZSA2021/04 | ||
| 020 |
_a9788076178441 _q(viazané) |
||
| 035 | _aurn:nbn:sk:snk-am00glzv | ||
| 035 | _aurn:nbn:sk:snk-am3j6wv | ||
| 035 | _a2211E65A-B205-4AAC-8F7F-64ECB765D57E | ||
| 040 |
_aSNK _bslo _cSNK _erda |
||
| 041 | 0 | _acze | |
| 043 |
_ae-cs--- _ae-ur--- |
||
| 044 |
_axr _cCZ |
||
| 072 | 7 |
_a94(437) _xDejiny Československa _2konspekt |
|
| 080 |
_a94(437)"1989" _22011 |
||
| 080 |
_a328/329 _22011 |
||
| 080 |
_a327 _22011 |
||
| 080 |
_a341.76 _22011 |
||
| 080 |
_a(437) _22011 |
||
| 080 |
_a(47+57) _22011 |
||
| 080 |
_a(0:82-94) _22011 |
||
| 080 |
_a(093) _22011 |
||
| 100 | 1 |
_aKocáb, Michael, _d1954- _4aut |
|
| 245 | 1 | 0 |
_aVabank _b1989-1991 : sametová revoluce, odsun sovětských vojsk _cMichael Kocáb |
| 250 | _aVydání první | ||
| 264 | 1 |
_aPraha _bEuromedia Group _c2019 |
|
| 300 |
_a591 strán _bfaksimile, fotografie, ilustrácie, portréty _c24 cm |
||
| 336 |
_atext _btxt _2rdacontent |
||
| 337 |
_abez média _bn _2rdamedia |
||
| 338 |
_azväzok _bnc _2rdacarrier |
||
| 490 | 1 | _aUniversum | |
| 500 | _aObsahuje zoznam fotografií | ||
| 504 | _aObsahuje bibliografiu na strane 565-582 | ||
| 650 | 0 | 7 |
_aNežná revolúcia (1989 : Československo) _2SNKPH |
| 650 | 0 | 7 |
_aVelvet revolution, 1989 _2SNKPHeng |
| 650 | 0 | 7 |
_apolitika a vláda _2SNKPH |
| 650 | 0 | 7 |
_aPolitics and government _2SNKPHeng |
| 650 | 0 | 7 |
_azahraničné vzťahy _2SNKPH |
| 650 | 0 | 7 |
_aForeign relations _2SNKPHeng |
| 650 | 0 | 7 |
_adiplomatické vzťahy _2SNKPH |
| 650 | 0 | 7 |
_aDiplomatic relations _2SNKPHeng |
| 651 | 7 |
_aČeskoslovensko _2SNKPHgeo |
|
| 651 | 7 |
_aCzechoslovakia _2SNKPHeng |
|
| 651 | 7 |
_aSovietsky zväz _2SNKPHgeo |
|
| 651 | 7 |
_aSoviet Union _2SNKPHeng |
|
| 655 | 7 |
_aAutobiographical reminiscences _2SNKPHeng |
|
| 655 | 7 |
_aautobiografické spomienky _2SNKPH |
|
| 655 | 7 |
_aDocuments _2SNKPHeng |
|
| 655 | 7 |
_adokumenty _2SNKPH |
|
| 830 | 0 | _aUniversum (Euromedia Group) | |
| 942 |
_2ddc _cOLDO _n0 |
||
| 999 |
_c22808 _d22808 |
||